[Event "Yuzhny op"]
[Site "Yuzhny"]
[Date "2009.09.13"]
[Round "9"]
[White "Krivodedov, Victor"]
[Black "Khazankin, Moisey"]
[Result "1-0"]
[WhiteElo "2007"]
[BlackElo "2157"]
[PlyCount "55"]
[EventDate "2009.09.08"]
[EventType "swiss"]
[EventRounds "9"]
[EventCountry "UKR"]
[SourceTitle "CBM 132 Extra"]
[Source "ChessBase"]
[SourceDate "2009.11.03"]
[SourceVersion "1"]
[SourceVersionDate "2009.11.03"]
[SourceQuality "1"]

1. e4 g6 2. d4 Bg7 3. c4 c5 4. Be3 Qb6 5. Ne2 Qxb2 6. Nbc3 cxd4 7. Rb1 Qa3 8. Bxd4 Bxd4 9. Qxd4 Nf6 10. e5 Nc6 11. Qf4 Nh5 12. Qe4 0-0 13. Rb3 Qa5 14. Rb5 Qd8 15. g4 Ng7 16. h4 a6 17. Rd5 e6 18. Rd3 Qa5 19. f4 f5 20. gxf5 Nxf5 21. h5 Rf7 22. hxg6 hxg6 23. Rdh3 Rg7 24. Qg2 Nce7 25. Qg5 Kf7 26. Qf6+ Ke8 27. Rh8+ Ng8 28. Bh3 1-0

[Event "Yuzhny op"]
[Site "Yuzhny"]
[Date "2009.09.12"]
[Round "8"]
[White "Kravchenko, Leonid"]
[Black "Krivodedov, Victor"]
[Result "1-0"]
[WhiteElo "2179"]
[BlackElo "2007"]
[PlyCount "97"]
[EventDate "2009.09.08"]
[EventType "swiss"]
[EventRounds "9"]
[EventCountry "UKR"]
[SourceTitle "CBM 132 Extra"]
[Source "ChessBase"]
[SourceDate "2009.11.03"]
[SourceVersion "1"]
[SourceVersionDate "2009.11.03"]
[SourceQuality "1"]

1. d4 Nf6 2. c4 c5 3. d5 b5 4. cxb5 a6 5. f3 e5 6. e4 d6 7. Na3 Be7 8. Ne2 0-0 9. Nc3 Ne8 10. Bd3 axb5 11. Bxb5 Bg5 12. 0-0 Bxc1 13. Rxc1 Ba6 14. Bxa6 Nxa6 15. Nc4 g6 16. Qd2 f5 17. f4 exf4 18. Qxf4 g5 19. Qd2 f4 20. Rce1 Qf6 21. e5 dxe5 22. Nxe5 Rd8 23. Kh1 Nd6 24. Qe2 Nc7 25. Ng4 Qg7 26. Qe7 Rd7 27. Qxg7+ Kxg7 28. Ne5 Rdd8 29. Nd3 Nf5 30. Nxc5 Ne3 31. Rf2 Rf7 32. N5e4 Kg6 33. d6 Ne8 34. Nb5 Rf5 35. Nd4 Rd5 36. Nc6 R5xd6 37. Nxd8 Rxd8 38. g3 Ng4 39. Rd2 Ra8 40. gxf4 gxf4 41. a3 h5 42. h4 Ng7 43. Rd6+ Kf7 44. Ng5+ Kg8 45. Rg6 Kf8 46. Rf1 Ra4 47. b4 Nf5 48. Rxf4 Nge3 49. Rxf5+ 1-0

[Event "Yuzhny op"]
[Site "Yuzhny"]
[Date "2009.09.08"]
[Round "1"]
[White "Krivodedov, Victor"]
[Black "Budnikov, Oleg"]
[Result "0-1"]
[WhiteElo "2007"]
[BlackElo "2423"]
[PlyCount "36"]
[EventDate "2009.09.08"]
[EventType "swiss"]
[EventRounds "9"]
[EventCountry "UKR"]
[SourceTitle "CBM 132 Extra"]
[Source "ChessBase"]
[SourceDate "2009.11.03"]
[SourceVersion "1"]
[SourceVersionDate "2009.11.03"]
[SourceQuality "1"]

1. e4 g6 2. d4 Bg7 3. Nc3 d6 4. f3 a6 5. Be3 b5 6. Qd2 Bb7 7. Bd3 Nd7 8. a4 c5 9. dxc5 b4 10. Nd1 dxc5 11. Nh3 Qc7 12. c4 Ne5 13. Be2 Rd8 14. Qc2 Nc6 15. Bxc5 Qa5 16. Be3 b3+ 17. Bd2 bxc2 18. Bxa5 cxd1Q+ 0-1

[Event "Locri op 1st"]
[Site "Locri"]
[Date "2007.11.04"]
[Round "7"]
[White "Krivodedov, Victor"]
[Black "Piccoli, Vincenzo"]
[Result "1-0"]
[WhiteElo "2143"]
[BlackElo "1823"]
[PlyCount "109"]
[EventDate "2007.11.01"]
[EventType "swiss"]
[EventRounds "7"]
[EventCountry "ITA"]
[SourceTitle "EXT 2010"]
[Source "ChessBase"]
[SourceDate "2010.11.25"]
[SourceVersion "1"]
[SourceVersionDate "2010.11.25"]
[SourceQuality "1"]

1. e4 c5 2. Nf3 d6 3. Bb5+ Bd7 4. Bd3 Nf6 5. c3 Qc7 6. 0-0 Bc6 7. Re1 Nbd7 8. Bc2 e6 9. d4 Be7 10. Nbd2 0-0 11. Nf1 Rfd8 12. Bg5 Nf8 13. Qe2 Re8 14. Rad1 b6 15. Ng3 Bb7 16. h3 Rac8 17. Rd2 cxd4 18. Nxd4 Red8 19. Nb5 Qb8 20. Red1 Ba6 21. Bd3 Bb7 22. a4 Rd7 23. Be3 Ng6 24. f4 Qa8 25. f5 Ne5 26. fxe6 fxe6 27. Nd4 Nxd3 28. Rxd3 e5 29. Ndf5 Ba6 30. Nxe7+ Rxe7 31. Bg5 Rf7 32. Nf5 Nxe4 33. Ne7+ Rxe7 34. Bxe7 Re8 35. Bh4 Nc5 36. b4 Nxd3 37. b5 Nf4 38. Qa2+ Kh8 39. bxa6 Qc6 40. Qd2 Re6 41. Bg5 Rg6 42. Bxf4 exf4 43. Qd5 Qxd5 44. Rxd5 f3 45. g4 Kg8 46. Kf2 Rf6 47. g5 Re6 48. Kxf3 Kf7 49. h4 Ke7 50. a5 bxa5 51. Rxa5 Re5 52. Rxe5+ dxe5 53. Ke4 Ke6 54. c4 Kd6 55. h5 1-0

[Event "Bled Seniors op"]
[Site "Bled"]
[Date "2001.??.??"]
[Round "7"]
[White "Bohak, Janko"]
[Black "Krivodedov, Victor"]
[Result "1/2-1/2"]
[WhiteElo "2194"]
[BlackElo "2255"]
[PlyCount "100"]
[EventDate "2001.03.??"]
[EventType "swiss"]
[EventRounds "9"]
[EventCountry "SLO"]
[SourceTitle "EXT 2002"]
[Source "ChessBase"]
[SourceDate "2001.11.25"]
[SourceVersion "1"]
[SourceVersionDate "2001.11.25"]
[SourceQuality "1"]

1. e4 c5 2. Nc3 e6 3. Nf3 Nf6 4. d4 cxd4 5. Nxd4 Nc6 6. Be3 a6 7. a3 Qc7 8. Be2 b5 9. 0-0 Be7 10. f4 d6 11. Nxc6 Qxc6 12. Bf3 e5 13. Nd5 Bb7 14. Nxe7 Kxe7 15. fxe5 dxe5 16. b4 Rhd8 17. Bc5+ Ke8 18. Qe2 Nd7 19. Be3 Rac8 20. Qf2 Qg6 21. Rad1 Nf6 22. Rxd8+ Rxd8 23. Bb6 Rc8 24. Bc5 Nxe4 25. Qe2 Nxc5 26. bxc5 Bxf3 27. Qxf3 e4 28. Qf4 Kf8 29. Re1 Re8 30. Re3 Qc6 31. Kf1 f6 32. Rc3 Re5 33. Ke2 a5 34. Ke3 Kf7 35. Kd2 b4 36. axb4 axb4 37. Re3 Qxc5 38. Rxe4 Qc3+ 39. Kc1 Qa1+ 40. Kd2 Rd5+ 41. Ke2 Qd1+ 42. Kf2 Rd2+ 43. Kg3 Qxc2 44. Kh3 Rxg2 45. Rxb4 g5 46. Rb7+ Kg6 47. Rg7+ Kh5 48. Rxg5+ Rxg5 49. Qh4+ Kg6 50. Qe4+ Qxe4 1/2-1/2

[Event "Bled Seniors op"]
[Site "Bled"]
[Date "2001.??.??"]
[Round "2"]
[White "Krivodedov, Victor"]
[Black "Hocevar, Nikola"]
[Result "1/2-1/2"]
[WhiteElo "2255"]
[BlackElo "2145"]
[PlyCount "63"]
[EventDate "2001.03.??"]
[EventType "swiss"]
[EventRounds "9"]
[EventCountry "SLO"]
[SourceTitle "EXT 2002"]
[Source "ChessBase"]
[SourceDate "2001.11.25"]
[SourceVersion "1"]
[SourceVersionDate "2001.11.25"]
[SourceQuality "1"]

1. e4 c5 2. Nf3 Nc6 3. d4 cxd4 4. Nxd4 g6 5. c4 Bg7 6. Nc2 d6 7. Qd2 Qa5 8. Qxa5 Nxa5 9. Nba3 Be6 10. Rb1 Rc8 11. b3 f5 12. f3 fxe4 13. fxe4 Nf6 14. Bd3 0-0 15. Nd4 Bd7 16. Nac2 Nc6 17. Nf3 Ng4 18. Ke2 Nce5 19. Be3 Nxe3 20. Nxe3 Bg4 21. Rhf1 Bh6 22. Nxg4 Nxg4 23. h3 Nf6 24. e5 Nh5 25. Kd1 dxe5 26. Be4 b6 27. Kc2 Bf4 28. Rfe1 Kg7 29. Rbd1 Rfd8 30. Bd5 Kf6 31. g4 e6 32. Bb7 1/2-1/2